000 00635nam a2200265Ia 4500
005 20260121170042.0
008 008 260114s9999 xx 000 0 eng d
020 _a9783319677170
037 _aEBOOK
040 _aCRL
040 _beng
040 _cCRL
041 _2eng
041 _aeng
084 _qCRL
100 _aTerence Lovat, Amir Moghadam
_91059232
245 4 _aThe History of Islam
260 _bSpringer
260 _bSpringer
260 _c2018
856 _uhttps://link.springer.com/openurl?genre=book&isbn=978-3-319-67717-0
942 _cEBOOK
999 _c1624961
_d1624961